Top 10 Cotton Producing US States Quiz Stats

Quiz Updated May 19, 2018

Challenge
Share
Tweet
Embed
Score 0/10 Timer 02:00
6 Plays Today
Number of bales (by 1,000) US State % Correct
8,830Texas
95.8%
860Alabama
95.1%
2,900Georgia
94.5%
1,220Mississippi
93.7%
1,000Arkansas
86.1%
705North Carolina
83.1%
720Oklahoma
81.3%
700Missouri
74.6%
996California
74.3%
560Arizona
63%

You're not logged in!

Compare scores with friends on all Sporcle quizzes.
Join for Free
OR
Log In

You Might Also Like...

Show Comments

Extras

Top Quizzes Today


Score Distribution

Your Account Isn't Verified!

In order to create a playlist on Sporcle, you need to verify the email address you used during registration. Go to your Sporcle Settings to finish the process.

Report this User

Report this user for behavior that violates our Community Guidelines.

Details: